| 000 | 00786ntm a22002177a 4500 | ||
|---|---|---|---|
| 005 | 20170809152544.0 | ||
| 008 | 170802s2010 xx a frb 000 0 eng d | ||
| 040 |
_aEG-ScBUE _beng _cEG-ScBUE |
||
| 082 | 0 | 4 |
_a650 _bSAL _222 |
| 100 | 1 | _aSaleh, Salma Mohamed. | |
| 245 | 1 | 0 |
_aApplying practice to theory : _bA case study on the British University in Egypt / _cSalma Mohamed Saleh. |
| 260 | _c2010. | ||
| 300 |
_a126 p. : _bill. (col.) ; _c28 cm. |
||
| 500 | _aA dissertation submitted in part fulfillment of the requirements for the award of B.A. in business administration, marketing specialisation. | ||
| 590 | _amai allam | ||
| 650 | 7 |
_2BUEsh _abusiness administration. _vProjects |
|
| 653 |
_bBUSADM _cAugust2017 |
||
| 655 | _vSPRO | ||
| 700 | 1 |
_aEid, Mohamed. _eths. |
|
| 942 | _2ddc | ||
| 999 |
_c25318 _d25290 |
||